Countries without Free EV Charging Stations - Statistics

General Stats
  • This quiz has been taken 29 times
  • The average score is 44 of 57
Answers on the Map
Answers color-coded by a green-red scale on the quiz's map according to % correct below.
 
Answer Stats
Country % Correct
Niger
100%
Chad
96%
Somalia
96%
Sudan
96%
Central African Republic
92%
Democratic Republic of the Congo
92%
Republic of the Congo
92%
South Sudan
92%
Togo
92%
Benin
88%
Equatorial Guinea
88%
Eritrea
88%
Gabon
88%
Gambia
88%
Guinea
88%
Nauru
88%
Federated States of Micronesia
83%
Guinea-Bissau
83%
Samoa
83%
São Tomé and Príncipe
83%
Solomon Islands
83%
Zimbabwe
83%
Angola
79%
Comoros
79%
Djibouti
79%
Libya
79%
Madagascar
79%
Maldives
79%
Palau
79%
Senegal
79%
Tonga
79%
Yemen
79%
Burundi
75%
Cameroon
75%
Kiribati
75%
Liberia
75%
Malawi
75%
Marshall Islands
75%
Sierra Leone
75%
Tuvalu
75%
Vanuatu
75%
Bhutan
71%
Eswatini
71%
Haiti
71%
North Korea
71%
Seychelles
71%
St Kitts and Nevis
67%
Afghanistan
63%
Burkina Faso
63%
Mozambique
63%
Suriname
63%
Syria
58%
Dominica
54%
East Timor
54%
Papua New Guinea
50%
Turkmenistan
50%
Cuba
46%
No matching quizzes found
Score Distribution
Percent of People with Each Score
Percentile by Number Answered
Your Score History
You have not taken this quiz